000 00787nam a2200265Ia 4500
003 OSt
005 20221005022723.0
006 a|||||r|||| 00| 0
007 ta
008 221004b |||||||| |||| 00| 0 eng d
020 _a1588115305
_c2089.08
024 _a82806
037 _b3648, 30/03/2005, Efficient Book Distributors
_cTextual
040 _aCRL
_cCRL
_beng
041 _2eng
_aeng
082 _aP:33, P4
100 _aRenkema Jan
_9578530
245 0 _aIntroduction to discourse studies
260 _aAmsterdam
_bJohn Benjamins Publishing Company
_c2004
300 _a363p.
_ccm.
650 _a LINGUISTICS
650 _aCALCULUS
942 _hP:33, P4
_cTEXL
_2cc
999 _c929919
_d929919